Statistics for #1 DJ's of the DJ Mag Top 100 per year

Click here to take the quiz!

General Stats

  • This quiz has been taken 27 times
    (3 since last reset)
  • The average score is 9 of 23

Answer Stats

Year #1 DJ % Correct
2018Martin Garrix
100%
2017Martin Garrix
100%
2016Martin Garrix
100%
2014Hardwell
100%
2019Dimitri Vegas & Like Mike
67%
2015Dimitri Vegas & Like Mike
67%
2013Hardwell
67%
2012Armin van Buuren
67%
2009Armin van Buuren
33%
2011David Guetta
33%
2010Armin van Buuren
33%
2008Armin van Buuren
33%
2007Armin van Buuren
33%
2004Tiësto
33%
2003Tiësto
33%
2002Tiësto
33%
1998Paul Oakenfold
0%
2006Paul van Dyk
0%
2005Paul van Dyk
0%
2001John Digweed
0%
2000Sasha
0%
1999Paul Oakenfold
0%
1997Carl Cox
0%

Score Distribution

Percentile by Number Answered

Percent of People with Each Score

Your Score History

You have not taken this quiz since the last reset